000
00456nam a2200181Ia 4500
008
090123s9999 xx 000 0 und d
082
_b
787
100
_a
देसाई रणजित
245
_a
कणव
250
_a
1
260
_b
देशमुख रा.ज.
300
_a
421
600
_a
देसाई रणजित
630
_a
कणव
700
_a
देसाई रणजित
730
_a
कणव
942
_c
BOOK
999
_c
38874
_d
38874